000 00444nam a22001697a 4500
003 macl
005 20170104124332.0
008 170104b xxu||||| |||| 00| 0 eng d
040 _cmacl
041 _aहिन्‍दी
082 _a910
100 _aNCERT
_94590
245 _aसम‍कालीन भ्‍ाारत-१
260 _aदिल्‍ली
_bNCERT
_c2006
650 _aभूगोल
_936415
942 _2ddc
_cHIN
999 _c55685
_d55685